Desarrollo adulto y envejecimiento / (Record no. 101525)

MARC details
000 -CABECERA
campo de control de longitud fija 00706nam a2200217 a 4500
005 - FECHA Y HORA DE LA ÚLTIMA TRANSACCIÓN
campo de control 20210223125138.0
008 - ELEMENTOS DE LONGITUD FIJA--INFORMACIÓN GENERAL
campo de control de longitud fija 030930s1996 mx r 000 0 spa d
020 ## - NÚMERO INTERNACIONAL NORMALIZADO PARA LIBROS
Número Internacional Estándar del Libro 8477383367
035 ## - NÚMERO DE CONTROL DEL SISTEMA
Número de control de sistema UPN01000129353
049 ## - COLECCIÓN
Colección CG
050 #4 - SIGNATURA TOPOGRÁFICA DE LA BIBLIOTECA DEL CONGRESO
Número de clasificación BF724.8
Número de documento/Ítem V4.3
100 1# - ASIENTO PRINCIPAL--NOMBRE PERSONAL
Nombre de persona Vega Vega, José Luis
245 10 - MENCIÓN DE TÍTULO
Título Desarrollo adulto y envejecimiento /
Mención de responsabilidad, etc. José Luis Vega Vega, Belén Bueno Martínez.
260 ## - PUBLICACIÓN, DISTRIBUCIÓN, ETC.
Lugar de publicación, distribución, etc. Madrid :
Nombre del editor, distribuidor, etc. Síntesis,
Fecha de publicación, distribución, etc. 1996.
300 ## - DESCRIPCIÓN FÍSICA
Extensión 365 p.
440 #0 - MENCIÓN DE SERIE/ASIENTO SECUNDARIO--TÍTULO
Título Síntesis psicología.
Nombre de parte o sección de la obra Psicología evolutiva y de la educación ;
Designación de volumen o secuencia 10
650 #4 - ASIENTO SECUNDARIO DE MATERIA - TERMINO TEMATICO
Término de materia o nombre geográfico como elemento de entrada EDAD ADULTA
9 (RLIN) 6926
650 #4 - ASIENTO SECUNDARIO DE MATERIA - TERMINO TEMATICO
Término de materia o nombre geográfico como elemento de entrada ENVEJECIMIENTO -
Subdivisión general ASPECTOS PSICOLOGICOS
9 (RLIN) 21534
700 1# - ASIENTO SECUNDARIO--NOMBRE DE PERSONAL
Nombre de persona Bueno Martínez, Belén,
Término indicativo de función/relación coaut.
905 ## - TIPO DE MATERIAL
Tipo de material Libro
Holdings
Estado de retiro Estado de pérdida Fuente del sistema de clasificación o colocación Estado dañado No para préstamo Código de colección Localización permanente Ubicación/localización actual Ubicación en estantería Fecha de adquisición Total de préstamos Renovaciones totales Clasificación Código de barras Fecha visto por última vez Fecha del último préstamo Número de copia Tipo de ítem Koha
    Library of Congress Classification     Colección General Bib. Gregorio Torres Quintero Bib. Gregorio Torres Quintero Planta baja 20/09/2022 20 4 BF724.8 V4.3 296077 08/11/2024 30/10/2024 1 Libro
    Library of Congress Classification     Colección General Bib. Gregorio Torres Quintero Bib. Gregorio Torres Quintero Planta baja 25/10/2022 14   BF724.8 V4.3 296078 30/09/2024 24/09/2024 1 Libro
    Library of Congress Classification     Colección General Bib. Gregorio Torres Quintero Bib. Gregorio Torres Quintero Planta baja 07/11/2022 17   BF724.8 V4.3 296079 30/09/2024 25/09/2024 1 Libro
    Library of Congress Classification     Colección General Bib. Gregorio Torres Quintero Bib. Gregorio Torres Quintero Planta baja 10/02/2022 22 1 BF724.8 V4.3 296080 15/11/2024 11/11/2024 1 Libro
    Library of Congress Classification     Colección General Bib. Gregorio Torres Quintero Bib. Gregorio Torres Quintero Planta baja 08/09/2022 17 1 BF724.8 V4.3 296081 04/11/2024 30/10/2024 1 Libro
    Library of Congress Classification     Colección General Bib. Gregorio Torres Quintero Bib. Gregorio Torres Quintero Planta baja 03/11/2022 74   BF724.8 V4.3 193657 24/10/2024 11/10/2024 1 Libro